LEADER 01079nam1 2200349 450 001 990003521950203316 005 20110414114005.0 035 $a000352195 035 $aUSA01000352195 035 $a(ALEPH)000352195USA01 035 $a000352195 100 $a20110414d--------km-y0itay50------ba 101 $aita 102 $aIT 105 $a||||||||001yy 200 1 $a<> commercio con l'estero dei prodotti agroalimentari$fIstituto nazionale di economia agraria 210 $aRoma$cEdizioni Scientifiche Italiane 215 $avolumi$d30 cm 463 \1$1001990003411850203316$12001 $a2007 463 \1$1001990003414930203316$12001 $a2008 463 \1$1001990003521970203316$12001 $a2009 606 0 $aProdotti agroalimentari$xCommercio$2BNCF 676 $a380.141 710 02$aINEA$0352855 801 0$aIT$bsalbc$gISBD 912 $a990003521950203316 951 $a380.141 INE$c380.141 959 $aBK 969 $aECO 979 $aCHIARA$b90$c20110414$lUSA01$h1140 996 $aCommercio con l'estero dei prodotti agroalimentari$9394405 997 $aUNISA LEADER 00948nam0-22003371i-450- 001 990007885520403321 005 20040524094507.0 010 $a3-540-43757-6 035 $a000788552 035 $aFED01000788552 035 $a(Aleph)000788552FED01 035 $a000788552 100 $a20040517d2003----km-y0itay50------ba 101 0 $aeng 102 $aUS 105 $ay---j---001y- 200 1 $aBiological soil crusts$estructure, function and management$feds. Jayne Belnap, Otto L. Lange 210 $aNew York$cSpringer$d2003 215 $aXVIII, 503 p.$d24 cm 225 1 $aEcological studies$v150 610 0 $aSuolo$aBiologia 676 $a631.46 702 1$aBelnap,$bJayne 702 1$aLange,$bOtto Ludwig$f<1927- > 801 0$aIT$bUNINA$gRICA$2UNIMARC 901 $aBK 912 $a990007885520403321 952 $a60 631.46 B 17$b9300$fFAGBC 959 $aFAGBC 996 $aBiological soil crusts$9668594 997 $aUNINA